The family at red roofs (Record no. 324975)
[ view plain ]
| 000 -LEADER | |
|---|---|
| fixed length control field | 00335 a2200133 4500 |
| 001 - CONTROL NUMBER | |
| control field | 89902 |
| 003 - CONTROL NUMBER IDENTIFIER | |
| control field | NUST |
| 082 ## - DEWEY DECIMAL CLASSIFICATION NUMBER | |
| Classification number | 823.912 BLY |
| 100 ## - MAIN ENTRY--PERSONAL NAME | |
| Personal name | Blyton Grid |
| 9 (RLIN) | 9900 |
| 245 ## - TITLE STATEMENT | |
| Title | The family at red roofs |
| Statement of responsibility, etc. | Grid Blyton |
| Medium | English |
| 260 ## - PUBLICATION, DISTRIBUTION, ETC. | |
| Place of publication, distribution, etc. | London |
| Name of publisher, distributor, etc. | Award Publication |
| Date of publication, distribution, etc. | 2010 |
| 300 ## - PHYSICAL DESCRIPTION | |
| Extent | 256p. |
| 500 ## - GENERAL NOTE | |
| General note | General Books |
| 942 ## - ADDED ENTRY ELEMENTS (KOHA) | |
| Institution code [OBSOLETE] | CAE NUST |
| Koha item type | Book |
| Call number prefix | 823.912 BLY |
| Source of classification or shelving scheme | |
| Withdrawn status | Lost status | Damaged status | Not for loan | Collection code | Permanent Location | Current Location | Date acquired | Total Checkouts | Full call number | Barcode | Date last seen | Price effective from | Koha item type |
|---|---|---|---|---|---|---|---|---|---|---|---|---|---|
| College of Aeronautical Engineering (CAE) | College of Aeronautical Engineering (CAE) | 04/03/2017 | 823.912 BLY | CAE86747 | 04/05/2017 | 04/05/2017 | Book |
